000 00368nam a2200157Ia 4500
008 230711s9999||||xx |||||||||||||| ||und||
041 _aENG
082 _a621
_bJO-S
100 _aJoshi,PB
245 0 _aSteam table
250 _a1st Ed.
260 _c1994
_aNew Delhi
_bWiley Eastern Limited
650 _aMechanical Engineering
700 _aTumne,U.S
942 _cBK
999 _c2740
_d2740